Revista Derecho Privado : Reforma del Código Civil I: Aspectos generales /
Guardado en:
| Otros Autores: | , |
|---|---|
| Formato: | Libro |
| Idioma: | Spanish |
| Publicado: |
Buenos Aires :
Ministerio de Justicia y Derechos Humanos de la Nación, Sistema Argentino de Información Jurídica
2012 :
|
| Etiquetas: |
Agregar Etiqueta
Sin Etiquetas, Sea el primero en etiquetar este registro!
|
| LEADER | 00657nam a22001575a 4500 | ||
|---|---|---|---|
| 001 | DER.der013529 | ||
| 005 | 20190320144015.0 | ||
| 008 | 180615s2012####|||||||||||||||||#||spa|| | ||
| 020 | |a 2250-7582 | ||
| 245 | 1 | 0 | |a Revista Derecho Privado : |b Reforma del Código Civil I: Aspectos generales / |c , dirigido por Gustavo Caramelo, y Sebastián Picasso |
| 260 | |a Buenos Aires : |b Ministerio de Justicia y Derechos Humanos de la Nación, |c 2012 : |b Sistema Argentino de Información Jurídica | ||
| 300 | |a 313 p. | ||
| 700 | 1 | |a Caramelo, Gustavo |e director | |
| 700 | 1 | |a Picasso, Sebastián |e director | |
| 859 | |a DERECHO |b BIB. DERECHO |p 006981 | ||
| 859 | |a DERECHO |b BIB. DERECHO |p 006985 | ||
